| 000 | 00473nam a2200181Ia 4500 | ||
|---|---|---|---|
| 008 | 210210b2008 xxu||||| |||| 00| 0 eng d | ||
| 020 | _a8122422004 | ||
| 041 | _aeng | ||
| 082 | _a576 KARP | ||
| 100 | _aKAR (Ashutosh) | ||
| 245 | _aPharmaceutical microbiology | ||
| 260 |
_aNew Delhi _bNew Age International (P) Limited Publishers _c2008 |
||
| 300 | _axviii,363 | ||
| 650 | _aPharmaceutical | ||
| 650 | _amicrobiology | ||
| 690 | _aMicrobiology | ||
| 906 | _a062328 | ||
| 999 |
_c117447 _d117447 |
||